000 00509nam a2200193Ia 4500
005 20140403131027.0
008 140130s9999 xx 000 0 und d
020 _a05906968699
050 _aPZ 7
_b.C3736Mar 1995
100 _aChardiet, Bemice
_931280
245 _cBemice Chardiet
_aMartin And The Teacher's Pet /
260 _bScholastic,
_c1995.
_aNew York :
300 _a45 p. :
_bcol. ill. ;
_c23 cm.
440 _v1
_931174
521 _aG2
526 _c340
942 _cBK
_2lcc
999 _c40170
_d40170